Pays ayant une base militaire américaine en Europe - Statistiques

Statistiques générales
  • Ce quiz a été pris 71 fois
    70 depuis la dernière actualisation
  • Le résultat moyen est 19 sur 21
Réponses sur la Carte
Les réponses sont colorées sur une échelle allant du rouge au vert en fonction du pourcentage des utilisateurs qui les ont devinées à leur premier essai. Vous pouvez retrouver ces pourcentages ci-dessous.
 
Statistiques - réponses
Pays % Correct
Italie
100%
Espagne
99%
Allemagne
97%
Norvège
97%
Suède
97%
Finlande
96%
Pologne
96%
Grèce
93%
Royaume-Uni
93%
Belgique
91%
Estonie
91%
Portugal
91%
Danemark
90%
Hongrie
90%
Islande
90%
Pays-Bas
90%
Roumanie
88%
Lituanie
87%
Bulgarie
84%
Bosnie-Herzegovine
80%
Kosovo
78%
Aucun quiz correspondant
Distribution des résultats
% des personnes avec chaque résultat
Percentile par nombre de réponses
Votre historique - résultats
Vous n’avez pas pris ce quiz depuis la dernière actualisation